000 01209nam a2200325 i 4500
001 000017331
003 DO-SdBNP
005 20251120073732.0
007 ta
008 100322s199u dr a 000 f spa d
040 _aDO-SdBNP
_bspa
_cBNPHU
_erda
082 4 _aRD863.44
_bV422i
_222
100 1 _aVega Batlle, Julio,
_4aut.
_eautor
_937981
245 1 4 _aLos imbeles :
_bnovela poemática /
_cJulio Vega Batlle ; ilustraciones, Danicel ; corrección, José Alcántara Almánzar
264 1 _aSantiago, República Dominicana :
_bUCMM,
_c199-?.
300 _a247 páginas :
_bilustraciones ;
_c22 cm.
336 _atexto
_btxt
_2rdacontent
337 _asin mediación
_bn
_2rdamedia
338 _avolumen
_bnc
_2rdacarrier
490 _aColección Contemporáneos
500 _aIncluye datos biográficos del autor en las solapas
590 _aInventariado, 2025/BT
650 4 _aNovela dominicana
_9223
650 4 _aLiteratura dominicana.
_967
700 1 _aDanicel,
_eilustración
_4il.
_937982
700 1 _aAlcántara Almánzar, José,
_ecorrector
_4corr.
_987139
710 2 _aPontificia Universidad Católica Madre y Maestra
_9843
910 _aValidado. Control de calidad MFF
942 _2ddc
_cLBS1
999 _c16856
_d16856